000 00464nam a22001697a 4500
003 OSt
008 200714b ||||| |||| 00| 0 eng d
020 _a978812390077
082 _a615.4 GUP
100 _aGupta, A.K.
245 _aPharmaceutics-II (Practical note Book)
250 _a2nd , 2020
260 _aNew Delhi
_bCBS Publishers & Distributors Pvt. Ltd.
300 _aPg-231
650 _aPharmaceutics (Dispensing and General Pharmacy
942 _2ddc
_cBK
999 _c8948
_d8948